<?xml version="1.0" encoding="UTF-8"?>
<record
    xmlns:xsi="http://www.w3.org/2001/XMLSchema-instance"
    xsi:schemaLocation="http://www.loc.gov/MARC21/slim http://www.loc.gov/standards/marcxml/schema/MARC21slim.xsd"
    xmlns="http://www.loc.gov/MARC21/slim">

  <leader>01115cam a22002411  4500</leader>
  <controlfield tag="001">gs 20000358 </controlfield>
  <controlfield tag="003">DLC</controlfield>
  <controlfield tag="005">20260227111324.0</controlfield>
  <controlfield tag="008">920629s1918    ag f          000 0 spa c</controlfield>
  <datafield tag="010" ind1=" " ind2=" ">
    <subfield code="a">gs 20000358 </subfield>
  </datafield>
  <datafield tag="035" ind1=" " ind2=" ">
    <subfield code="a">(OCoLC)26102089</subfield>
  </datafield>
  <datafield tag="040" ind1=" " ind2=" ">
    <subfield code="a">Library, U.S. Geological Survey</subfield>
    <subfield code="c">CSt</subfield>
    <subfield code="d">DLC</subfield>
  </datafield>
  <datafield tag="042" ind1=" " ind2=" ">
    <subfield code="a">premarc</subfield>
  </datafield>
  <datafield tag="050" ind1="0" ind2="0">
    <subfield code="a">QE231</subfield>
    <subfield code="b">.W47</subfield>
  </datafield>
  <datafield tag="100" ind1="1" ind2=" ">
    <subfield code="a">Wichmann, Richard,</subfield>
    <subfield code="d">1881-1930.</subfield>
  </datafield>
  <datafield tag="245" ind1="0" ind2="0">
    <subfield code="a">Estudios geol&#xF3;gicos e hidrogeol&#xF3;gicos en la regi&#xF3;n comprendida entre boca del Rio Negro,</subfield>
    <subfield code="b">San Antonio y Choele-Choel,</subfield>
    <subfield code="c">por el doctor Wichmann ...</subfield>
  </datafield>
  <datafield tag="260" ind1=" " ind2=" ">
    <subfield code="a">Buenos Aires,</subfield>
    <subfield code="b">Talleres gr&#xE1;ficos del Ministerio de agricultura de la naci&#xF3;n,</subfield>
    <subfield code="c">1918.</subfield>
  </datafield>
  <datafield tag="300" ind1=" " ind2=" ">
    <subfield code="a">4 p. l., [7]-44 p.</subfield>
    <subfield code="b">V pl.</subfield>
    <subfield code="c">27 cm.</subfield>
  </datafield>
  <datafield tag="490" ind1="0" ind2=" ">
    <subfield code="a">[Agrentine Republic] Ministerio de agricultura. Secci&#xF3;n geolog&#xED;a, mineralog&#xED;a y miner&#xED;a. Anales.</subfield>
    <subfield code="v">t. 13, n&#xFA;m. 3</subfield>
  </datafield>
  <datafield tag="500" ind1=" " ind2=" ">
    <subfield code="a">At head of title: ... Direcci&#xF3;n general de minas, geolog&#xED;a e hidrologia. Contribuci&#xF3;n al conocimiento geol&#xF3;gico de la Rep&#xFA;blica Argentina. III. Informes y comunicaciones.</subfield>
  </datafield>
  <datafield tag="650" ind1=" " ind2="0">
    <subfield code="a">Geology</subfield>
    <subfield code="z">Argentina.</subfield>
  </datafield>
  <datafield tag="650" ind1=" " ind2="0">
    <subfield code="a">Water-supply</subfield>
    <subfield code="z">Argentina.</subfield>
  </datafield>
  <datafield tag="999" ind1=" " ind2=" ">
    <subfield code="c">26028</subfield>
    <subfield code="d">26028</subfield>
  </datafield>
</record>
